[Event "19th Bosna it"]
[Site "Sarajevo YUG"]
[Date "1980.03.31"]
[Round "14"]
[White "Nikolic, Predrag"]
[Black "Kurajica, Bojan"]
[Result "1/2-1/2"]
[WhiteElo "2330"]
[BlackElo "2505"]
[EventDate "1980.03.16"]
[PlyCount "28"]

1.d4 Nf6 2.c4 e6 3.Nf3 b6 4.g3 Ba6 5.b3 Bb4+ 6.Bd2 Be7 7.Bg2 c6 8.O-O d5 
9.Qc2 O-O 10.a4 Nbd7 11.a5 Ne4 12.axb6 axb6 13.Nc3 Nxd2 14.Nxd2 b5 1/2-1/2

[Event "19th Bosna it"]
[Site "Sarajevo YUG"]
[Date "1980.03.31"]
[Round "14"]
[White "Trois, Francisco"]
[Black "Szekely, Peter"]
[Result "1/2-1/2"]
[WhiteElo "2395"]
[BlackElo "2210"]
[EventDate "1980.03.16"]
[PlyCount "25"]

1.Nf3 Nf6 2.c4 b6 3.d4 e6 4.Bf4 Bb7 5.e3 Bb4+ 6.Nfd2 O-O 7.a3 Be7 8.Nc3 d5
9.cxd5 Nxd5 10.Nxd5 Bxd5 11.Qc2 c5 12.dxc5 Bxc5 13.Bd3 1/2-1/2

[Event "19th Bosna it"]
[Site "Sarajevo YUG"]
[Date "1980.03.31"]
[Round "14"]
[White "Uhlmann, Wolfgang"]
[Black "Bagirov, Vladimir"]
[Result "1/2-1/2"]
[WhiteElo "2510"]
[BlackElo "2560"]
[EventDate "1980.03.16"]
[PlyCount "157"]

1.c4 Nf6 2.Nc3 e6 3.Nf3 Bb4 4.Qc2 c5 5.g3 Nc6 6.Bg2 O-O 7.O-O Qe7 8.d3 d6 
9.a3 Bxc3 10.Qxc3 e5 11.Bg5 h6 12.Bxf6 Qxf6 13.e3 Bg4 14.Nd2 Qe6 15.Ne4 
Rad8 16.b4 b6 17.f4 Bh3 18.Bxh3 Qxh3 19.f5 f6 20.Qc2 Qh5 21.Qg2 Ne7 22.Nc3
Qf7 23.e4 Ra8 24.Rab1 Nc6 25.Nd5 Qb7 26.g4 Ne7 27.Nc3 Kf7 28.Rb2 Ke8 29.h4
Kd7 30.Rfb1 Qc8 31.Kf1 Rh8 32.Qf2 Kc7 33.bxc5 dxc5 34.Ke2 Kd6 35.Kd2 Qd8 
36.Rg1 Kc6 37.Kc2 Qd4 38.Qg3 Qd8 39.Rg2 Rh7 40.a4 Rb8 41.Rg1 Kd7 42.Kb1 
Kc6 43.Rh2 Qd7 44.Rb2 Kb7 45.a5 Ka8 46.Nd5 Rhh8 47.Qe3 Nxd5 48.exd5 Rhc8 
49.axb6 Rxb6 50.Rg2 Kb7 51.Qe1 Qa4 52.Qc1 Kc7 53.Rxb6 axb6 54.Rd2 Ra8 55.
Qb2 Ra5 56.Qa2 Qb4+ 57.Qb2 Qa4 58.Qa2 b5 59.Qxa4 Rxa4 60.Ra2 Rb4+ 61.Kc2 
bxc4 62.Ra7+ Kd6 63.Rxg7 cxd3+ 64.Kxd3 Kxd5 65.Rd7+ Kc6 66.Rf7 Rxg4 67.
Rxf6+ Kd5 68.Rxh6 c4+ 69.Kd2 Rf4 70.Rh8 Ke4 71.h5 Rxf5 72.h6 Rf6 73.Ke2 
Rc6 74.h7 Rc7 75.Kd2 c3+ 76.Kc2 Ke3 77.Re8 Rxh7 78.Rxe5+ Kd4 79.Re8 
1/2-1/2

[Event "19th Bosna it"]
[Site "Sarajevo YUG"]
[Date "1980.04.02"]
[Round "15"]
[White "Bagirov, Vladimir"]
[Black "Ivkov, Borislav"]
[Result "1/2-1/2"]
[WhiteElo "2560"]
[BlackElo "2530"]
[EventDate "1980.03.16"]
[PlyCount "48"]

1.Nf3 Nf6 2.c4 e6 3.Nc3 d5 4.d4 Be7 5.Bg5 h6 6.Bh4 O-O 7.e3 b6 8.Qb3 Bb7 
9.Bxf6 Bxf6 10.cxd5 exd5 11.Rd1 Re8 12.Bd3 c5 13.dxc5 Nd7 14.c6 Bxc6 15.
O-O Nc5 16.Qa3 Qd7 17.Bc4 Bxc3 18.Qxc3 Rac8 19.Be2 Ba4 20.Rde1 Red8 21.Qa3
a5 22.Nd4 Ne6 23.b3 Nxd4 24.exd4 Bb5 1/2-1/2

[Event "19th Bosna it"]
[Site "Sarajevo YUG"]
[Date "1980.04.02"]
[Round "15"]
[White "Bistric, Faruk"]
[Black "Trois, Francisco"]
[Result "1-0"]
[WhiteElo "2245"]
[BlackElo "2395"]
[EventDate "1980.03.16"]
[PlyCount "69"]

1.e4 e5 2.Nf3 Nc6 3.Bb5 a6 4.Ba4 Nf6 5.O-O Be7 6.Re1 b5 7.Bb3 d6 8.c3 O-O 
9.h3 Bb7 10.d4 Na5 11.Bc2 Nc4 12.Nbd2 Nxd2 13.Nxd2 c5 14.d5 Bc8 15.b4 c4 
16.a4 Bd7 17.a5 Ne8 18.f4 Bh4 19.Rf1 exf4 20.Nf3 Bf6 21.Nd4 Be5 22.Bxf4 
Bxf4 23.Rxf4 Qg5 24.Qf3 Bxh3 25.Rf1 Bd7 26.Ne6 Bxe6 27.dxe6 Nf6 28.Rf5 Qd2
29.e7 Qxc2 30.exf8=Q+ Rxf8 31.Rxf6 gxf6 32.Qg3+ Kh8 33.Qxd6 Kg8 34.Qxf6 
Qd2 35.Rf3 1-0

[Event "19th Bosna it"]
[Site "Sarajevo YUG"]
[Date "1980.04.02"]
[Round "15"]
[White "Knezevic, Milorad"]
[Black "Uhlmann, Wolfgang"]
[Result "1/2-1/2"]
[WhiteElo "2500"]
[BlackElo "2510"]
[EventDate "1980.03.16"]
[PlyCount "31"]

1.d4 Nf6 2.c4 g6 3.Nc3 Bg7 4.e4 d6 5.Nf3 O-O 6.Be3 c6 7.h3 e5 8.dxe5 dxe5 
9.Qxd8 Rxd8 10.c5 Nbd7 11.Rd1 Re8 12.Bc4 b5 13.cxb6 axb6 14.a4 Bf8 15.Ng5 
Re7 16.b4 1/2-1/2

[Event "19th Bosna it"]
[Site "Sarajevo YUG"]
[Date "1980.04.02"]
[Round "15"]
[White "Kurajica, Bojan"]
[Black "Kelecevic, Nedeljko"]
[Result "1/2-1/2"]
[WhiteElo "2505"]
[BlackElo "2380"]
[EventDate "1980.03.16"]
[PlyCount "33"]

1.e4 e6 2.d4 d5 3.Nc3 dxe4 4.Nxe4 Bd7 5.Nf3 Bc6 6.Bd3 Nd7 7.O-O Ngf6 8.Qe2
Nxe4 9.Bxe4 Bxe4 10.Qxe4 c6 11.c3 Be7 12.Re1 O-O 13.Qc2 Qc7 14.Bg5 Bxg5 
15.Nxg5 Nf6 16.Ne4 Nxe4 17.Rxe4 1/2-1/2

[Event "19th Bosna it"]
[Site "Sarajevo YUG"]
[Date "1980.04.02"]
[Round "15"]
[White "Osmanovic, Kemal"]
[Black "Marjanovic, Slavoljub"]
[Result "0-1"]
[WhiteElo "2405"]
[BlackElo "2505"]
[EventDate "1980.03.16"]
[PlyCount "136"]

1.Nf3 c5 2.c4 g6 3.g3 Bg7 4.Bg2 Nc6 5.Nc3 a6 6.b3 Rb8 7.Bb2 b5 8.d3 d6 9.
Qd2 e5 10.O-O Nge7 11.Ne1 O-O 12.Nc2 Be6 13.Ne3 Kh8 14.Ncd5 f5 15.f4 Bg8 
16.Rac1 b4 17.Nxe7 Nxe7 18.Nd5 a5 19.Rce1 Nxd5 20.cxd5 Qb6 21.Kh1 Rbe8 22.
e4 Qa7 23.Qc2 Qa8 24.Qc4 fxe4 25.dxe4 Re7 26.f5 gxf5 27.exf5 Bf6 28.g4 a4 
29.Be4 Rg7 30.Rg1 Bg5 31.Rg2 a3 32.Bc1 Qd8 33.Reg1 Bf7 34.Bxg5 Qxg5 35.Qc1
Qf4 36.Qe1 Rfg8 37.Qe2 h5 38.h3 hxg4 39.hxg4 Rh7+ 40.Rh2 Rg7 41.f6 Qxf6 
42.g5 Qf4 43.g6 Rxh2+ 44.Qxh2+ Qxh2+ 45.Kxh2 Bg8 46.Kg3 Rc7 47.Kh4 Kg7 48.
Rc1 Rc8 49.Kg5 Rf8 50.Bf5 e4 51.Bxe4 Re8 52.Bf5 Re5 53.Kf4 Kf6 54.Bb1 Rxd5
55.Rg1 Rd4+ 56.Ke3 Kg7 57.Re1 Be6 58.Rh1 Rg4 59.Rh7+ Kf6 60.Rc7 Rg1 61.Bd3
Rg3+ 62.Ke2 Rg2+ 63.Kf3 Rxa2 64.g7 Bd5+ 65.Be4 Bxe4+ 66.Kxe4 Rg2 67.Rd7 
Ke6 68.Ra7 d5+ 0-1